000 02360nam a22003017a 4500
003 DO-SdBNP
005 20250621074010.0
007 ta
008 210824e2021 dr ac||er|||| 001 e spa d
020 _a9789945871494, v.1
020 _a9789945895803, v.2
040 _aDO-SdBNP
_bspa
_cBNPHU
082 4 _222
_a972.93053
_bA312e
245 0 3 _aEl ajusticiamiento :
_bexpediente del asesinato del ilustre Padre de la Patria Nueva, Generalísimo Doctor Rafael Leónidas Trujillo Molina /
_ceditor Avelino Stanley.
260 _aSanto Domingo :
_bCPEP,
_bMuseo Memorial de la Resistencia Dominicana,
_c2021.
300 _a2 v. :
_bil., retr. ;
_c25 cm.
500 _aIncluye índice onomástico.
505 0 _av. 1 --
_tPreliminares --
_t30 de mayo, memoria contra el olvido /
_rJuan Pablo Uribe--
_tEl 60 aniversario del ajusticiamiento del tirano /
_rNoris González Mirabal--
_tUnas palabras antes de comenzar /
_rLuisa De Peña Díaz--
_tPresentación /
_rFranklin Franco--
_tIntroducción /
_rFrancis Pou de García--
_tDe la transcripción--
_tPiezas de convicción --
_tAutos y actos de procedimiento criminal --
_tÓrdenes de prisión preventiva firmadas por el representante del Ministerio Público, Dr. Teodoro Tejeda Díaz--
_tÓrdenes de prisión preventiva firmadas por el juez de instrución Dr. Wilfredo Mejía Alvarado --
_tProvidencia calificativa del magistrado juez instructor, actos de notificación, orden de libertad de los descargados, auto de pase al magistrado procurador fiscal, índice del proceso--
_tSuplementarios.
505 0 _av. 2--
_tPreliminares--
_t1. Piezas relativas a las actualizaciones de los magistrados procurador fiscal del Distrito Nacional y procurador general de la Corte de Apelación de Ciudad Trujillo--
_t2. Interrogatorios hechos a los inculpados por el magistrado juez de instrucción de la primera circunscripción del Distrito Nacional --
_tSuplementarios --
_tíndice onomástico.
590 _aInventariado 2021 / MF
600 1 0 _aTrujillo Molina, Rafael Leónidas,
_d1891-1961
_910869
650 1 4 _aHomicidio político
_zRepública Dominicana
_911383
651 1 0 _aRepública Dominicana
_xPolítica y gobierno
_945
700 1 2 _aStanley, Avelino,
_d1959-
_eed.
_91536
710 1 _aRepública Dominicana
_bComisión Permanente de Efemérides Patria
_945309
910 _aValidado. Control de calidad MFF
942 _2ddc
_cLBS1
999 _c50266
_d50266